[Event "Let's play chess!"]
[Site "http://www.queenalice.com/game.php?id=33"]
[Date "2004.6.10"]
[Round "-"]
[White "swayne"]
[Black "jthomas"]
[Result "0-1"]
[WhiteElo "1157"]
[BlackElo "1500"]

1. d4 d5 2. Nf3 Bg4 3. Bf4 Bxf3 4. gxf3 Nc6 5. Nc3 e6 6. Qd2 f5 7. Nb5 Rc8 8.
O-O-O a6 9. Nc3 Nf6 10. Rg1 g6 11. Re1 Bg7 12. Bg5 O-O 13. Rg3 Rf7 14. Rh3 Nh5
15. Bxd8 Rxd8 16. Rh4 b5 17. e3 Bf8 18. a3 Ng7 19. e4 Na5 20. Qh6 Nh5 21. Qg5
Be7 22. Qd2 Bxh4 23. exf5 exf5 24. Re5 Nf6 25. Qf4 Bxf2 26. Ne2 Rd6 27. b4 Nc6
28. Re3 Bxe3+ 29. Qxe3 Kg7 30. h4 Nh5 31. Qg5 f4 32. Bh3 Rdf6 33. Qxd5 Ng3 34.
Kd2 Rd6 35. Qg5 Nxe2 36. Kxe2 Nxd4+ 37. Kf2 Nxc2 38. Qe5+ Kh6 39. Be6 Rf8 40.
Bg4 Nxa3 41. Qc3 Nc4 42. Qe1 Ne3 43. Qh1 Rd2+ 0-1

[Event "1. c5"]
[Site "http://www.queenalice.com/game.php?id=48"]
[Date "2004.6.17"]
[Round "-"]
[White "jthomas"]
[Black "Winclick"]
[Result "0-1"]
[WhiteElo "1529"]
[BlackElo "1571"]

1. c4 c6 2. Nf3 d5 3. e3 Nf6 4. Qc2 e6 5. b3 Nbd7 6. Bb2 Bd6 7. Rg1 O-O 8. h4 a5
9. g4 e5 10. Nc3 Nc5 11. O-O-O Bxg4 12. Be2 Qd7 13. Ng5 Bxe2 14. Nxe2 h6 15. Rh1
Nce4 16. Nh3 dxc4 17. bxc4 b5 18. d3 Nc5 19. d4 exd4 20. Bxd4 Qe7 21. Rhg1 bxc4
22. Qc3 Nce4 23. Qxc4 Ba3+ 24. Kc2 Rfd8 25. Nef4 Rxd4 26. exd4 c5 27. d5 Qd7 28.
f3 Nd6 29. Qd3 Bb4 30. a3 c4 31. Qd4 Qa4+ 32. Kb1 Bxa3 33. Qb6 Nd7 34. Rxg7+
Kxg7 35. Qd4+ f6 36. Rg1+ Kf7 37. Qd1 Rb8+ 38. Ka1 Bb2+ 39. Kb1 Bc3+ 0-1

[Event "Let's play chess!"]
[Site "http://www.queenalice.com/game.php?id=68"]
[Date "2004.6.27"]
[Round "-"]
[White "zygantron"]
[Black "jthomas"]
[Result "1-0"]
[WhiteElo "1500"]
[BlackElo "1439"]

1. d4 d5 2. Nf3 c5 3. c3 Bg4 4. e3 Nc6 5. Bd3 e6 6. Nbd2 c4 7. Bc2 Nf6 8. O-O
Bd6 9. h3 Bh5 10. Re1 Qc7 11. e4 O-O-O 12. e5 Be7 13. exf6 Bxf6 14. b3 g5 15.
bxc4 dxc4 16. g4 Bg6 17. Ne4 Be7 18. Nxeg5 Na5 19. Ne4 h6 20. Ne5 Rdg8 21. Bf4
Qd8 22. Nd2 f5 23. f3 Qd5 24. Qe2 Bg5 25. Bxg5 hxg5 26. Nxg6 Rxg6 27. Kg2 Rgh6
28. Rh1 a6 29. Rab1 b5 30. gxf5 exf5 31. Qe5 Qf7 32. Bxf5+ Kb7 33. Be4+ Nc6 34.
Qc5 Rc8 35. Nxc4 Rc7 36. Bxc6+ Kb8 37. Qb6+ Kc8 38. Qxa6+ 1-0

[Event "particle man"]
[Site "http://www.queenalice.com/game.php?id=184"]
[Date "2004.8.3"]
[Round "-"]
[White "jthomas"]
[Black "Winclick"]
[Result "0-1"]
[WhiteElo "1371"]
[BlackElo "1653"]

1. c4 c6 2. Nf3 Nf6 3. g3 d5 4. Bg2 dxc4 5. Nc3 Bg4 6. Ne5 Bh5 7. Nxc4 e6 8. O-O
Bc5 9. Qb3 Qc7 10. e3 O-O 11. d4 Be7 12. a4 a5 13. Re1 Nbd7 14. Ne2 Bb4 15. Nc3
Rfe8 16. Bd2 Bg6 17. Ne2 Bxd2 18. Nxd2 e5 19. dxe5 Nxe5 20. Nc4 Nd3 21. Red1 b5
22. axb5 cxb5 23. Bxa8 bxc4 24. Qc3 Rxa8 25. Ra4 Nxf2 26. Rd4 Nh3+ 27. Kf1 Qc6
28. Ke1 Qxa4 0-1

[Event "triangle man"]
[Site "http://www.queenalice.com/game.php?id=185"]
[Date "2004.8.4"]
[Round "-"]
[White "swayne"]
[Black "jthomas"]
[Result "0-1"]
[WhiteElo "1337"]
[BlackElo "1352"]

1. e4 e5 2. Nf3 Nc6 3. Bb5 f5 4. Nc3 Nf6 5. d3 Nd4 6. Bg5 Nxb5 7. Nxb5 d6 8. O-O
f4 9. h3 Be7 10. c4 h6 11. Bxf6 Bxf6 12. Rc1 c6 13. Na3 g5 14. Nh2 Qe7 15. Qh5+
Kd7 16. b4 Kc7 17. Qf3 Be6 18. Ng4 h5 19. Nxf6 Qxf6 20. Rc2 Rag8 21. b5 g4 22.
Qe2 gxh3 23. g3 h4 24. Qf3 Bg4 25. Qh1 hxg3 26. fxg3 Be6 27. bxc6 Rxg3+ 28. Kf2
Rxd3 29. Nb5+ Kb8 30. c7+ Ka8 31. a4 Qh4+ 32. Ke2 Bg4+ 33. Kxd3 Qg3+ 34. Kd2
Qe3# 0-1

[Event "Vaan Haggaar"]
[Site "http://www.queenalice.com/game.php?id=592"]
[Date "2004.9.3"]
[Round "-"]
[White "jthomas"]
[Black "jcm"]
[Result "0-1"]
[WhiteElo "1207"]
[BlackElo "1230"]

1. d4 d5 2. c4 Nf6 3. Nc3 e6 4. Nf3 c5 5. cxd5 Nxd5 6. e4 Nxc3 7. bxc3 cxd4 8.
cxd4 Nc6 9. Bb5 Bd7 10. O-O Be7 11. Re1 O-O 12. Bb2 f6 13. a3 a6 14. Ba4 Bd6 15.
e5 fxe5 16. dxe5 Bc7 17. Bc2 Be8 18. Bd3 Bh5 19. Bxh7+ Kxh7 20. Qxd8 Bxd8 21.
Rad1 Be7 22. Rd3 Bxf3 23. gxf3 Na5 24. Re4 b5 25. Rg4 Nc4 26. Bc1 Nxa3 27. Bxa3
Bxa3 28. Rb3 Bc5 29. Rd3 b4 30. f4 a5 31. Rd7 Rg8 32. Rd3 Rgd8 33. Rh3+ Kg8 34.
Rg6 a4 35. Rhg3 Rd7 36. Kg2 a3 0-1

[Event "Vaan  Hallen"]
[Site "http://www.queenalice.com/game.php?id=593"]
[Date "2004.9.3"]
[Round "-"]
[White "jcm"]
[Black "jthomas"]
[Result "1-0"]
[WhiteElo "1245"]
[BlackElo "1175"]

1. d4 Nf6 2. Nf3 c5 3. e3 g6 4. c4 cxd4 5. exd4 Bg7 6. Nc3 d6 7. Bd3 O-O 8. O-O
Bg4 9. Be2 Bxf3 10. Bxf3 Qc7 11. Qe2 Nc6 12. Be3 a5 13. Rac1 e5 14. d5 Ne7 15.
Bg5 Nf5 16. Bxf6 Nd4 17. Qd3 Bxf6 18. Ne4 Nxf3+ 19. Qxf3 Bg7 20. Rfe1 Ra6 21. b3
f5 22. Ng5 Rc8 23. Qh3 h5 24. Ne6 Qe7 25. Qg3 Bh6 26. Qxg6+ Bg7 27. Nxg7 Qxg7
28. Qxf5 Rf8 29. Qxh5 Raa8 30. Qh3 Rf6 31. Qe3 Raf8 32. Rf1 Kf7 33. g3 Ke8 34.
Qe2 Kd7 35. Kh1 Rh8 36. f4 Qxg3 37. fxe5 Rxh2+ 38. Qxh2 Rh6 39. Qxh6 1-0

[Event "Challenge"]
[Site "http://www.queenalice.com/game.php?id=612"]
[Date "2004.9.4"]
[Round "-"]
[White "jthomas"]
[Black "dnptrs"]
[Result "0-1"]
[WhiteElo "1407"]
[BlackElo "1579"]

1. c4 Nf6 2. Nf3 e6 3. g3 d5 4. cxd5 exd5 5. Bg2 Be7 6. O-O O-O 7. e3 c5 8. b3
Nc6 9. d4 Bg4 10. Nc3 cxd4 11. exd4 Rc8 12. Qd3 Nb4 13. Qd2 Bf5 14. Ne5 Nc2 15.
Rb1 Bb4 16. a3 Bxc3 0-1

[Event "QA-01-ADV"]
[Site "http://www.queenalice.com/game.php?id=670"]
[Date "2004.9.15"]
[Round "1"]
[White "Maxwell"]
[Black "jthomas"]
[Result "1-0"]
[WhiteElo "1480"]
[BlackElo "1179"]

1. d4 Nf6 2. c4 g6 3. Nc3 Bg7 4. e4 d6 5. Nge2 O-O 6. Bg5 c6 7. Qd2 Re8 8. Ng3
e5 9. d5 cxd5 10. cxd5 a6 11. Be2 Nbd7 12. h4 b5 13. a3 Nc5 14. Bd1 Bb7 15. b4
Ncd7 16. h5 Qb6 17. hxg6 fxg6 18. Be3 Qd8 19. Bh6 Bxh6 20. Qxh6 Nf8 21. Qg5 Re7
22. Qxf6 Qc7 23. Rc1 Rf7 24. Qg5 Rg7 25. O-O Nd7 26. Bg4 Rf8 27. Be6+ Kh8 28.
Nd1 Qd8 29. Qxd8 Rxd8 30. Ne3 Nf8 31. Bg4 h6 32. Rc2 h5 33. Bh3 Nh7 34. Rfc1 Ng5
35. f3 Nxh3+ 36. gxh3 Rgg8 37. Rc7 Rc8 38. Rxc8 Bxc8 39. h4 Rf8 40. Kf2 Kg7 41.
Rc7+ Kf6 42. Kg2 g5 43. hxg5+ Kxg5 44. Ngf5 Kf4 45. Kf2 Rg8 46. Nxd6 Bh3 47.
Rf7+ Kg5 48. Ndf5 Bxf5 49. Rxf5+ 1-0

[Event "QA-01-ADV"]
[Site "http://www.queenalice.com/game.php?id=671"]
[Date "2004.9.15"]
[Round "1"]
[White "jthomas"]
[Black "Maxwell"]
[Result "0-1"]
[WhiteElo "1186"]
[BlackElo "1441"]

1. e4 d6 2. Nf3 Nf6 3. d3 g6 4. b3 Bg7 5. Bb2 e5 6. Nc3 Nc6 7. Qd2 a6 8. Be2 Bg4
9. h3 Bxf3 10. Bxf3 Nd4 11. Qd1 c6 12. O-O O-O 13. a4 Qc7 14. Bc1 b5 15. Be3 Ne6
16. a5 Nd7 17. Qd2 Nd4 18. Bxd4 exd4 19. Ne2 Rae8 20. h4 c5 21. g4 Ne5 22. Kg2
Qc8 23. Qf4 Re6 24. Qh2 Rf6 25. Qh3 Rxf3 26. Ng3 Qe6 27. Rh1 Rf4 28. Raf1 Qxg4
29. f3 Qxh3+ 30. Rxh3 h5 31. Ne2 Rf6 32. Rg3 Bh6 33. c3 Nxd3 34. cxd4 Nf4+ 35.
Nxf4 Bxf4 36. Rh3 cxd4 37. Kf2 Rc8 38. Rd1 Rc2+ 39. Ke1 Be3 40. Rd3 Rc3 41. Rxc3
dxc3 0-1

[Event "QA-01-ADV"]
[Site "http://www.queenalice.com/game.php?id=686"]
[Date "2004.9.15"]
[Round "1"]
[White "Gand"]
[Black "jthomas"]
[Result "1-0"]
[WhiteElo "1686"]
[BlackElo "1165"]

1. e4 c5 2. Nc3 Nc6 3. Nf3 g6 4. Bb5 Qc7 5. Nd5 Qa5 6. b4 cxb4 7. Bb2 Nf6 8.
Bxf6 exf6 9. Bxc6 bxc6 10. Nxf6+ Kd8 11. e5 Ba6 12. Ne4 Kc7 13. c3 bxc3 14. dxc3
Bh6 15. Rb1 Bf4 16. Qd6+ Kc8 17. Nc5 Bb5 18. Qxd7+ 1-0

[Event "QA-01-ADV"]
[Site "http://www.queenalice.com/game.php?id=687"]
[Date "2004.9.15"]
[Round "1"]
[White "jthomas"]
[Black "Gand"]
[Result "0-1"]
[WhiteElo "1165"]
[BlackElo "1686"]

1. c4 e5 2. Nc3 Nf6 3. g3 Bb4 4. Bg2 Nc6 5. e3 O-O 6. Qc2 Bxc3 7. Qxc3 d6 8. f4
Re8 9. Bxc6 bxc6 10. fxe5 dxe5 11. Ne2 Ne4 12. Qc2 Bf5 13. Rf1 Qg5 14. d3 Bh3
15. Rf3 Bg2 16. dxe4 Bxf3 17. Ng1 Bg4 18. Bd2 Qh6 19. Qa4 Qxh2 0-1

[Event "QA-01-ADV"]
[Site "http://www.queenalice.com/game.php?id=698"]
[Date "2004.9.15"]
[Round "1"]
[White "jthomas"]
[Black "Winclick"]
[Result "0-1"]
[WhiteElo "1178"]
[BlackElo "1539"]

1. e4 e5 2. Nf3 Nc6 3. Bb5 d6 4. O-O g6 5. d4 exd4 6. Qxd4 f6 7. Bxc6+ bxc6 8.
Re1 Bg7 9. Qc4 Ne7 10. b3 a5 11. Bb2 Qd7 12. Nbd2 Ba6 13. Qd4 O-O 14. Ng5 c5 15.
Qc3 Nc6 16. Re3 Nd4 17. Ngf3 Ne2+ 18. Rxe2 Bxe2 19. Re1 Bb5 20. Re3 Rf7 21. Nf1
a4 22. a3 f5 23. e5 Re7 24. N1d2 Rae8 25. Nc4 d5 26. e6 Qd8 27. Nce5 d4 0-1

[Event "QA-01-ADV"]
[Site "http://www.queenalice.com/game.php?id=699"]
[Date "2004.9.15"]
[Round "1"]
[White "Winclick"]
[Black "jthomas"]
[Result "1-0"]
[WhiteElo "1536"]
[BlackElo "1189"]

1. c4 c5 2. Nc3 Nc6 3. g3 g6 4. Bg2 Bg7 5. a3 d6 6. Nf3 e5 7. d3 Nge7 8. Bg5 O-O
9. Rb1 b6 10. b4 Be6 11. Bxe7 Qxe7 12. Nd2 Rfc8 13. b5 Nd4 14. Bxa8 Rxa8 15. Nd5
Qd8 16. e3 Nf5 17. Ne4 Bxd5 18. cxd5 Ne7 19. Qb3 Nf5 20. O-O Qe7 21. a4 Nh6 22.
h3 f5 23. Nd2 Nf7 24. Qc4 e4 25. dxe4 Ne5 26. Qe2 fxe4 27. Nxe4 Rf8 28. Nd2 h5
29. f4 Nf7 30. Rf3 Nh6 31. Qd3 Qf7 32. Ne4 Nf5 33. Ng5 Qe7 34. Ne6 Rf6 35. g4
hxg4 36. hxg4 Nh4 37. Rg3 Rxe6 38. dxe6 Qxe6 39. Rd1 1-0

[Event "QA-01-INT"]
[Site "http://www.queenalice.com/game.php?id=716"]
[Date "2004.9.15"]
[Round "1"]
[White "Timinator"]
[Black "jthomas"]
[Result "1-0"]
[WhiteElo "1043"]
[BlackElo "1378"]

1. Nf3 d5 2. e3 Nc6 3. Bb5 Bd7 4. Bxc6 Bxc6 5. O-O g6 6. b3 Bg7 7. d4 e6 8. Ne5
Bxe5 9. dxe5 f6 10. f4 fxe5 11. fxe5 Qg5 12. g3 O-O-O 13. Qd4 Kb8 14. e4 Qh5 15.
exd5 Rxd5 16. Rf8+ 1-0

[Event "QA-01-INT"]
[Site "http://www.queenalice.com/game.php?id=717"]
[Date "2004.9.15"]
[Round "1"]
[White "jthomas"]
[Black "Timinator"]
[Result "0-1"]
[WhiteElo "1253"]
[BlackElo "1092"]

1. c4 Nf6 2. Nc3 e6 3. Qc2 Bc5 4. b3 d5 5. e3 O-O 6. Bb2 d4 7. Nb5 g6 8. Nxd4 b6
9. Ngf3 Bxd4 10. Nxd4 c5 11. Nf3 Nc6 12. O-O-O Nb4 13. Qb1 Ng4 14. Re1 Nxf2 15.
Rg1 Nfd3+ 16. Bxd3 Nxd3+ 17. Kc2 Nxe1+ 18. Rxe1 Bb7 19. Qd1 Be4+ 20. Kc1 Qd3 21.
Ne5 Qb1# 0-1

[Event "QA-01-INT"]
[Site "http://www.queenalice.com/game.php?id=742"]
[Date "2004.9.15"]
[Round "1"]
[White "jthomas"]
[Black "kynyo"]
[Result "1-0"]
[WhiteElo "1165"]
[BlackElo "1212"]

1. Nf3 d5 2. g3 Nc6 3. Bg2 e5 4. d3 h6 5. O-O Nf6 6. Re1 Be7 7. b3 O-O 8. c4 d4
9. e3 Bg4 10. e4 Qd7 11. Bd2 a5 12. a3 Bd6 13. Qc2 Bh3 14. Bh1 b6 15. Re2 Rfb8
16. Be1 Nd8 17. a4 Nc6 18. Na3 Bb4 19. Qd1 Bxe1 20. Qxe1 Nb4 21. Nxe5 Qd6 22.
Nf3 Nxd3 23. Nb5 Nxe1 24. Nxd6 cxd6 25. Rxae1 Bg4 26. Rd2 Rd8 27. Nxd4 Rac8 28.
Bg2 g5 29. Nf5 Kh7 30. Rxd6 Rxd6 31. Nxd6 Rc7 32. e5 Ng8 33. Be4+ Kh8 34. Kg2 h5
35. Bf5 Bxf5 36. Nxf5 Kh7 37. Ne3 Ne7 38. Nd5 Nxd5 39. cxd5 Rd7 40. d6 Kg7 41.
Rc1 Kg6 42. Rc7 1-0

[Event "QA-01-INT"]
[Site "http://www.queenalice.com/game.php?id=743"]
[Date "2004.9.15"]
[Round "1"]
[White "kynyo"]
[Black "jthomas"]
[Result "1-0"]
[WhiteElo "1124"]
[BlackElo "1297"]

1. e4 e5 2. Nf3 Nc6 3. a3 Nf6 4. d3 a5 5. c4 Be7 6. Be2 O-O 7. O-O d6 8. Nc3 Bg4
9. Nb5 Na7 10. Nxa7 Rxa7 11. Bd2 c5 12. b4 axb4 13. axb4 Rxa1 14. Qxa1 Nh5 15.
bxc5 Nf4 16. Bxf4 exf4 17. cxd6 Qxd6 18. d4 f6 19. c5 Qc6 20. Qa2+ Kh8 21. e5
fxe5 22. Nxe5 Qe4 23. Bxg4 Qxd4 24. Nf7+ Kg8 25. Nd8+ Kh8 26. Ne6 1-0

[Event "QA-01-INT"]
[Site "http://www.queenalice.com/game.php?id=744"]
[Date "2004.9.15"]
[Round "1"]
[White "jthomas"]
[Black "Aliwood"]
[Result "1-0"]
[WhiteElo "1239"]
[BlackElo "995"]

1. e4 e6 2. d4 d5 3. Nc3 Nf6 4. e5 Ne4 5. Nxe4 Nc6 6. Nc3 g6 7. Nf3 b6 8. Bb5
Bb7 9. O-O a6 10. Bxc6+ Bxc6 11. Be3 Qd7 12. Qd2 f6 13. exf6 O-O-O 14. Ne5 Qd6
15. Nf7 e5 16. Nxd6+ Rxd6 17. dxe5 Re6 18. Bf4 Bd6 19. exd6 cxd6 20. Rfe1 Rxf6
21. Nxd5 Bxd5 22. Re7 Rhf8 23. Qc3+ Kd8 24. Qc7# 1-0

[Event "QA-01-INT"]
[Site "http://www.queenalice.com/game.php?id=745"]
[Date "2004.9.15"]
[Round "1"]
[White "Aliwood"]
[Black "jthomas"]
[Result "0-1"]
[WhiteElo "953"]
[BlackElo "1153"]

1. e4 e5 2. Nf3 Nc6 3. d3 h6 4. Nc3 Bb4 5. Bd2 d6 6. g3 Bg4 7. Bg2 Qd7 8. O-O
O-O-O 9. a3 Bxc3 10. Bxc3 Nf6 11. Qd2 Qe6 12. Rae1 Rdg8 13. h3 Bh5 14. h4 Kb8
15. d4 g5 16. dxe5 dxe5 17. b4 Bxf3 18. Bxf3 gxh4 19. Bg2 h3 20. Kh2 hxg2 21.
Kxg2 h5 22. b5 Ne7 23. Rd1 h4 24. Rh1 Nxe4 25. Qd8+ Rxd8 26. b6 Qxb6 27. Be1 h3+
28. Rxh3 Rxh3 29. Kxh3 Rxd1 0-1